| 000 | 00842nam a2200217Ia 4500 | ||
|---|---|---|---|
| 003 | GCL | ||
| 008 | 140319s9999 xx 000 0 ara d | ||
| 040 |
_aGCL / _cGCL |
||
| 082 | 0 | 4 |
_a940.4 _bع ح |
| 100 | 1 | _aعمر الديراوى | |
| 245 | 1 | 0 |
_aالحرب العالمية الاولى : _bعرض مصور / _cعمر الديراوى |
| 250 | _aالتاسعة عشرة | ||
| 260 |
_aبيروت : _bدار العلم للملايين ، _c2004 |
||
| 300 |
_a486 ص ؛ _c24 سم |
||
| 650 | 0 | 4 | _aالتاريخ الحربى |
| 650 | 0 | 4 | _aالحرب العالمية الاولى 1914- 1918 |
| 650 | 0 | 4 | _aالحرب العالمية الاولى - تاريخ عسكرى |
| 650 | 0 | 4 | _aالحرب العالمية الاولى - معارك |
| 650 | 0 | 4 | _aالحرب العالمية الاولى 1914- 1918 - صور |
| 942 |
_2ddc _cBK |
||
| 999 |
_c46311 _d46311 |
||